|
|
|
|
| LEADER |
01282nam a2200349Ia 4500 |
| 001 |
EBC3383077 |
| 003 |
MiAaPQ |
| 005 |
20110217155652.0 |
| 006 |
m o d | |
| 008 |
110125s2010 dk a 000 0 eng d |
| 020 |
|
|
|a 9789289319973
|
| 020 |
|
|
|a 9289319976
|
| 035 |
|
|
|a (MiAaPQ)EBC3383077
|
| 035 |
|
|
|a (Au-PeEL)EBL3383077
|
| 035 |
|
|
|a (CaPaEBR)ebr10570088
|
| 035 |
|
|
|a (OCoLC)923313517
|
| 040 |
|
|
|a MiAaPQ
|c MiAaPQ
|d MiAaPQ
|
| 050 |
|
4 |
|a HD5717.5.S34
|b L336 2010
|
| 082 |
0 |
4 |
|a 331.11
|2 22
|
| 245 |
0 |
0 |
|a Labour market mobility in Nordic welfare states
|h [electronic resource].
|
| 260 |
|
|
|a Copenhagen :
|b Nordic Council of Ministers,
|c 2010.
|
| 300 |
|
|
|a 285 s. :
|b ill. (some col.).
|
| 490 |
1 |
|
|a TemaNord,
|x 0908-6692 ;
|v 2010:515
|
| 533 |
|
|
|a Electronic reproduction. Ann Arbor, MI : ProQuest, 2015. Available via World Wide Web. Access may be limited to ProQuest affiliated libraries.
|
| 650 |
|
0 |
|a Labor mobility
|z Scandinavia.
|
| 650 |
|
7 |
|a Arbetsmarknad
|z Norden.
|2 sao
|
| 650 |
|
7 |
|a Rorlighet pa arbetsmarknaden.
|2 sao
|
| 650 |
|
0 |
|a Labor mobility.
|
| 655 |
|
4 |
|a Electronic books.
|
| 710 |
2 |
|
|a Nordiska ministerradet.
|
| 830 |
|
0 |
|a TemaNord ;
|v 2010:515.
|
| 856 |
4 |
0 |
|u https://ebookcentral.proquest.com/lib/matrademy/detail.action?docID=3383077
|z Click to View
|